000 00739nam a2200265Ia 4500
005 20260302115805.0
008 008 260114s9999 xx 000 0 eng d
020 _a9781509964208
037 _aTextbook
040 _aCRL
040 _beng
040 _cCRL
041 _2eng
041 _aeng
084 _qCRL
100 _aPeter Coulson and David Sawtell
_91122675
245 4 _aThe History of the Technology and Construction Court on Its 150th Anniversary Rewriting the Rules
260 _bBloomsbury
260 _bHart Publishing
260 _c2023
650 _aLaw
856 _uhttps://doi.org/10.5040/9781509964208?locatt=label:secondary_bloomsburyCollections
942 _cEBOOK
999 _c1687475
_d1687475